00309nam a2200109Ia 4500008004100000020001800041082001800059100002300077245005700100260003200157300001000189210430s9999 xx 000 0 und d a81-309-0158-7 a660.6 M9536 A aS. N. Mukhopadhyan aAdvanced Process Biotechnology /cS. N. Mukhopadhyan aNew DelhibViva Booksc2008 a382 p